LIBRARY & INFORMATION CENTRE, KCAET, TAVANUR

ONLINE PUBLIC ACCESS CATALOGUE (OPAC)

Calculation Design and Testing of Reinforced Concrete (Record no. 18695)

MARC details
000 -LEADER
fixed length control field 00296nam a22001217a 4500
003 - CONTROL NUMBER IDENTIFIER
control field OSt
008 - FIXED-LENGTH DATA ELEMENTS--GENERAL INFORMATION
fixed length control field 241219b |||||||| |||| 00| 0 eng d
041 ## - LANGUAGE CODE
Language code of text/sound track or separate title eng
082 ## - DEWEY DECIMAL CLASSIFICATION NUMBER
Classification number 624.18341 RAO/CA
100 ## - MAIN ENTRY--AUTHOR NAME
Personal name Rao, KL
245 ## - TITLE STATEMENT
Title Calculation Design and Testing of Reinforced Concrete
942 ## - ADDED ENTRY ELEMENTS (KOHA)
Koha item type Books
Holdings
Withdrawn status Lost status Damaged status Home library Current library Date acquired Cost, normal purchase price Full call number Accession Number Koha item type
      KAUAET KAUAET 19/12/2024 17.50 624.18341 RAO/CA 11331 Books
free website counter